Airplanes by Manufacturer - Statistics

General Stats
  • This quiz has been taken 691 times
  • The average score is 9 of 15
Answer Stats
Airplane Manufacturer % Correct
A320 Airbus
100%
747 Boeing
93%
A300 Airbus
92%
DreamLifter Boeing
84%
E145 Embraer
81%
C100 (A220) Bombardier/ Airbus
70%
MD90 McDonnel Douglas
67%
CRJ700 Bombardier
61%
F15E Boeing
54%
C130 Lockheed
45%
F16 Lockheed
40%
172 Cessna
39%
E2 Embraer
28%
Model 6 Boeing
12%
C390 Millennium Embraer
12%
No matching quizzes found
Score Distribution
Percent of People with Each Score
Percentile by Number Answered
Your Score History
You have not taken this quiz